000 00279nam a2200121Ia 4500
008 190216s9999||||xx |||||||||||||| ||und||
100 _aMarshall Peter
245 0 _aResearch Methods
260 _bJaico Publishing House
_c2002
300 _a114
650 _aCommerce
942 _cBK
999 _c6530
_d6530